000 00882cam a2200253 a 4500
001 000019505
005 20200929170035.0
008 840703s1967 sp 000 e spa d
035 _a(DLC) 70237287
040 _aDO-SdBNP
_cCarP
_dDLC
_dBNPHU
082 _a864.6
_bA454r
100 1 _aAlonso del Real, Carlos,
_d1914-1993.
_941868
245 1 0 _aRealidad y leyenda de las amazonas.
260 _aMadrid :
_bEspasa Calpe,
_c1967.
300 _a241, [18] p. ;
_c18 cm.
490 1 _aAustral. Marrón: Ciencia y técnica. Clásicos de la ciencia
_v1396
500 _aIncluye índices de autores.
650 4 _aEnsayos españoles
_93095
650 4 _aLiteratura española
_9632
650 4 _aAmazonas (mitología griega)
_941869
830 0 _aAustral.
_pMarrón: Ciencia y técnica. Clásicos de la ciencia;
_v1396
_941870
910 _aCatalogación derivada / LC
049 _aBNGR
999 _c19021
_d19021